| 000 | 00876nam a22002777a 4500 | ||
|---|---|---|---|
| 001 | BR8703745 | ||
| 003 | BR-BrBNA | ||
| 005 | 20230928092628.0 | ||
| 007 | ta | ||
| 008 | 230509b bl.||||| |||| 00| 0 por d | ||
| 040 |
_aBR-BrBNA _bpor _cBiblioteca Nacional de Agricultura |
||
| 041 | _a(Por) | ||
| 072 |
_aP06; E14 _b/G514 |
||
| 090 | _ P06 BR8703745 | ||
| 100 | 1 | _aGomensoro, S.C. de M. | |
| 110 | 1 |
_aUniversidade Federal Rural do Rio de Janeiro, Itaguai (Brasil). Inst. de Ciencias Humanas e Sociais _0Tese (Mestrado) _911236 |
|
| 245 | 1 | _aPROALCOOL: um estudo sobre a formulacao de um programa economico do governo | |
| 260 | 3 |
_aItaguai, RJ (Brasil): _c1985. |
|
| 300 | _a194 p. | ||
| 500 | _a28 tables; 47 ref. | ||
| 650 | _aALCOOL | ||
| 650 | _aPROJETO DE DESENVOLVIMENTO | ||
| 650 | _aFINANCIAMENTO | ||
| 909 |
_a202309 _bLucia _c55 _dLucia Elande |
||
| 942 | _cBK | ||
| 999 |
_c40252 _d40252 |
||